Granting License to Perform the Activities of a Supplementary Pension Asset Management Company in Slovakia and the Pension Funds Company in Austria

Príspevok sa zameriava na legislatívu upravujúcu proces udeľovania licencie na výkon činností doplnkovej dôchodkovej spoločnosti na Slovensku av dôchodkových fondoch v Rakúsku. Rakúska právna regulácia a jej porovnanie s právnou reguláciou na Slovensku. Súhrn vedomostí o najdôležitejších prvkoch reg...

Ausführliche Beschreibung

Gespeichert in:
Bibliographische Detailangaben
1. Verfasser: Slezáková, Andrea, 1980-
Format: Buchkapitel
Sprache:Englisch
Schlagworte:
Tags: Tag hinzufügen
Keine Tags, Fügen Sie das erste Tag hinzu!

MARC

LEADER 00000naa$a2200000$$$4500
001 0254457
005 20240502083727.2
041 0 |a eng 
044 |a CZ 
245 1 0 |a Granting License to Perform the Activities of a Supplementary Pension Asset Management Company in Slovakia and the Pension Funds Company in Austria  |c Andrea Slezáková 
520 |a Príspevok sa zameriava na legislatívu upravujúcu proces udeľovania licencie na výkon činností doplnkovej dôchodkovej spoločnosti na Slovensku av dôchodkových fondoch v Rakúsku. Rakúska právna regulácia a jej porovnanie s právnou reguláciou na Slovensku. Súhrn vedomostí o najdôležitejších prvkoch regulácie pri udeľovaní licencie. Súčastný stav regulácie v oboch krajinách. 
610 2 0 |a právo finančné 
610 2 0 |a bankovníctvo 
610 2 0 |a regulácia štátna 
610 2 0 |a regulácia finančná 
610 2 0 |a fondy penzijné 
610 2 0 |a spoločnosti dôchodkové doplnkové 
100 1 |a Slezáková, Andrea, 1980-